Language use : Intermediate
Salvato in:
| Autore principale: | |
|---|---|
| Natura: | Libro |
| Lingua: | Undetermined |
| Pubblicazione: |
Cambridge
Cambridge University Press
1994
|
| Soggetti: | |
| Tags: |
Aggiungi Tag
Nessun Tag, puoi essere il primo ad aggiungerne! !
|
| Thư viện lưu trữ: | Trung tâm Học liệu Trường Đại học Cần Thơ |
|---|
| LEADER | 00570nam a2200205Ia 4500 | ||
|---|---|---|---|
| 001 | CTU_120873 | ||
| 008 | 210402s9999 xx 000 0 und d | ||
| 082 | |a 428.34 | ||
| 082 | |b D653/Cas.1i | ||
| 100 | |a Doff, Adrian | ||
| 245 | 0 | |a Language use : | |
| 245 | 0 | |b Intermediate | |
| 245 | 0 | |c Adrian Doff, Christopher Jones | |
| 260 | |a Cambridge | ||
| 260 | |b Cambridge University Press | ||
| 260 | |c 1994 | ||
| 650 | |a English language,English language | ||
| 650 | |x Study and teaching | ||
| 904 | |i M.Loan | ||
| 980 | |a Trung tâm Học liệu Trường Đại học Cần Thơ | ||